| 000 | 01598nam a2200241Ia 4500 | ||
|---|---|---|---|
| 003 | CO-CtgCURN | ||
| 005 | 20250410183156.0 | ||
| 008 | 190723s9999 xx 000 0 und d | ||
| 020 | _a9586901998 | ||
| 040 |
_aCO-CtgCURN _bspa _ccoctgcurn |
||
| 082 |
_a344.01 _bG934p |
||
| 100 |
_aGuerrero Figueroa, Guillermo _d1934- |
||
| 245 | 0 |
_aPrincipios fundamentales del derecho del trabajo / _cGuillermo Guerrero Figueroa |
|
| 260 |
_aBogotá, Colombia : _bLeyer, _c1999 |
||
| 300 |
_a204 páginas ; _c24 centímetros |
||
| 504 | _aIncluye referencias bibliográficas | ||
| 505 | _aGeneralidades sobre el trabajo -- Concepto legal del trabajo en nuestra legislacion colombiana -- Ubicacion del trabajo como derecho fundamental en la constitucion nacional -- Principios fundamentales del derecho del trabajo -- Principios fundamentales de caracter general contemplados en la constitucion política nacional -- Principios fundamentales minimos en la constitucion ncional para proteger al trabajador por cuenta ajena -- Principios fundamentales de las relaciones colectivas laborales en la constitucion nacional --Derecho de huelga (Art. 56, C.N.) -- Derecho al fuero y a la gestion gremial (Arts. 39, inc. 4;57 de la C.N.) -- Derecho a la negociacion colectiva (Art. 55 de la C.N.) -- Principio de la concertacion (Arts. 55, inc 2º; y 56, inc. 3º de la C.N.) | ||
| 521 | _aAREA PROFESIONAL | ||
| 590 | _aPrograma de Derecho_18 | ||
| 650 |
_aDerecho laboral _zColombia |
||
| 942 |
_cBK _h344.01 _iG934p _2ddc _n0 |
||
| 999 |
_c28640 _d28640 |
||